ბათუმის შოთა რუსთაველის სახელმწიფო უნივერსიტეტის ბიბლიოთეკა

მებაღეობის მექანიზაცია. (ბიბ.ჩანაწერი № 44622)

000 -LEADER
fixed length control field 00911nam a2200229Ia 4500
001 - CONTROL NUMBER
control field 11425
003 - CONTROL NUMBER IDENTIFIER
control field GE_BSU
008 - FIXED-LENGTH DATA ELEMENTS--GENERAL INFORMATION
fixed length control field 181216s||||||||xx |||||||||||||| ||und||
040 ## - CATALOGING SOURCE
Transcribing agency GE_BSU
080 ## - UNIVERSAL DECIMAL CLASSIFICATION NUMBER
Universal Decimal Classification number 631.315
100 ## - MAIN ENTRY--PERSONAL NAME
Personal name კიკაბიძე,ი.ს.
245 ## - TITLE STATEMENT
Title მებაღეობის მექანიზაცია.
245 ## - TITLE STATEMENT
Remainder of title დამხმ.სახელმძღვანელო სას-სამ.ინ-ტის მექანიზაციისა და მებაღეობის ფაკ-ტის სტუდენტებისათვის.
245 ## - TITLE STATEMENT
Statement of responsibility, etc. რედ:მ.სულაძე;
260 ## - PUBLICATION, DISTRIBUTION, ETC.
Place of publication, distribution, etc. თბილისი.
260 ## - PUBLICATION, DISTRIBUTION, ETC.
Name of publisher, distributor, etc. განათლება.
260 ## - PUBLICATION, DISTRIBUTION, ETC.
Date of publication, distribution, etc. 1977.
300 ## - PHYSICAL DESCRIPTION
Extent 266გვ;22სმ.
300 ## - PHYSICAL DESCRIPTION
Accompanying material ილ;ცხრ.
653 ## - INDEX TERM--UNCONTROLLED
Uncontrolled term მებაღეობის მექანიზაცია.
942 ## - ADDED ENTRY ELEMENTS (KOHA)
Koha item type წიგნი
ეგზემპლარები
Withdrawn status Lost status Damaged status Not for loan Date acquired Barcode Date last seen Price effective from Koha item type
        2018-12-17 20296 2018-12-17 2018-12-17 წიგნი
        2018-12-17 20297 2018-12-17 2018-12-17 წიგნი